000 00448nam a2200181Ia 4500
001 9700
005 20260306161737.0
008 260306t2022||||xx |||||||||||||| ||spa||
041 _aESP
082 _a398.20985
_bH37
100 _aHelfgott Seier, Federico,
_eAUT
245 0 _aVoces del Perú :
_bmemoria y tradición oral
260 _c2022
300 _a221 páginas :
_c21 cm.
650 _aGEN
654 _aCHU
942 _cLIB
_dJUS
_fJUS
_2ddc
_n
999 _c9700
_d9700